Comic Book Companies/Studios - Statistics

General Stats
  • This quiz has been taken 144 times
  • The average score is 5 of 12
Answer Stats
Years Famous For Company/Imprint % Correct
1934– Batman, Superman, Green Lantern DC
100%
1939– Avengers, X-Men, Spiderman Marvel
100%
1986– Hellboy, The Mask, Sin City, Star Wars Dark Horse
60%
1992– Spawn, Savage Dragon, The Walking Dead Image
54%
1939– Betty and Veronica, Jughead, Josie and the Pussycats Archie
53%
1993–2020 Sandman, Preacher, Hellblazer Vertigo
38%
1999– Godzilla, G.I. Joe, Transformers, Locke & Key {IDW} Publishing
36%
1989– X-O Manowar, Harbinger, Bloodshot, Unity Valiant
23%
1992–2010, 2017– WildC.A.T.S., Stormwatch, Deathblow Wildstorm
23%
1986–1994 Ultraforce, Exiles, The Men in Black Malibu
20%
1983–2009 Teenage Mutant Ninja Turtles Mirage
20%
1992– Witchblade, The Darkness, Cyber Force Top Cow
18%
No matching quizzes found
Score Distribution
Percent of People with Each Score
Percentile by Number Answered
Your Score History
You have not taken this quiz